Statistiques concernant Cochons de fiction

Cliquez ici pour prendre le quiz!

Statistiques générales

  • Ce quiz a été pris 56 fois
  • Le résultat moyen est 6 sur 12

Statistiques - réponses

IndicationsRéponse% Correct
Ami de Winnie l'OursonPorcinet
89%
Homer Simpson y est très attachéSpider-Cochon
89%
Un justicier à la toile d'un univers alternatifSpider-Cochon
89%
Trois compères "contre" le Grand Méchant LoupLes Trois Petits Cochons
78%
Petit cochon de ferme qui a donné son nom à ses filmsBabe
63%
Pilote imaginé par MiyazakiPorco Rosso
54%
Personnage du Muppet ShowPeggy la Cochonne
39%
Cochon bègue des Looney TunesPorky
30%
Métamorphe ami de Yamcha dans Dragon BallOolong
22%
Héros d'une famille de cochons à la téléPeppa Pig
20%
Personnage de Disney qui a entendu parler de MauiPua
20%
Pendant féminin du précédentPetunia
0%

Distribution des résultats

Percentile par nombre de réponses

% des personnes avec chaque résultat

Votre développement - résultats

Vous n’avez pas pris ce quiz